| 000 | 01003cab a2200373 4500 | ||
|---|---|---|---|
| 001 | ABS53943 | ||
| 008 | 090401t1995 xxu||||| |||| 00| 0 eng d | ||
| 035 | _a(Sirsi) u7568 | ||
| 041 | _aeng | ||
| 100 | _aThame, D. | ||
| 245 | _aMarket report: Edinburgh and Glasgow | ||
| 260 | _c1995 | ||
| 350 | _a0 | ||
| 490 |
_aProperty Week _v53(5) 2 November 1995, 56-71(10) |
||
| 650 | _aBANK OF SCOTLAND | ||
| 650 | _aCLYDESDALE BANK | ||
| 650 | _aDEMOGRAPHICS | ||
| 650 | _aDEVOLUTION | ||
| 650 | _aEDINBURGH | ||
| 650 | _aGLASGOW | ||
| 650 | _aHOUSEHOLDS | ||
| 650 | _aINVESTMENT MARKET | ||
| 650 | _aPROPERTY-COMMERCIAL PROPERTY-OFFICE PROPERTY-OFFICE PROPERTY MARKET | ||
| 650 | _aOFFICE RENTS | ||
| 650 | _aOFFICE YIELDS | ||
| 650 | _aPROPERTY INVESTORS | ||
| 650 | _aSCOTLAND | ||
| 650 | _aSCOTTISH EQUITABLE | ||
| 650 | _aSTANDARD LIFE | ||
| 650 | _aSTATISTICS | ||
| 690 | _aPROPERTY-COMMERCIAL PROPERTY-COMMERCIAL PROPERTY MARKET | ||
| 942 | _n0 | ||
| 948 | _c04/03/1997 | ||
| 999 |
_c4590 _d4590 |
||